[Event "Villa Ballester op 73rd"]
[Site "Buenos Aires"]
[Date "2024.01.26"]
[Round "7"]
[White "Virzi, Miguel"]
[Black "Botz, Stefan"]
[Result "0-1"]
[WhiteElo "1524"]
[BlackElo "1769"]
[PlyCount "64"]
[EventDate "2024.01.19"]
[EventType "swiss"]
[EventRounds "9"]
[EventCountry "ARG"]
[SourceTitle "CB06_2024"]
[SourceDate "2024.02.07"]
[SourceVersion "1"]
[SourceVersionDate "2024.02.07"]
[SourceQuality "1"]

1. e4 e5 2. Nf3 Nc6 3. Bc4 Nf6 4. d3 Bc5 5. c3 d6 6. Nbd2 a6 7. Bb3 0-0 8. Nf1 Ne7 9. h3 Ng6 10. g4 d5 11. Qe2 Be6 12. Ng3 dxe4 13. dxe4 Qe7 14. Kf1 Rad8 15. Bg5 h6 16. Bd2 Nh7 17. Nf5 Bxf5 18. gxf5 Nh4 19. Be3 Bxe3 20. Qxe3 Nxf3 21. Qxf3 Rd2 22. Rd1 Ng5 23. Qe3 Rxd1+ 24. Bxd1 Rd8 25. Kg2 Nh7 26. h4 Rd6 27. Bb3 Qd8 28. Qc5 Qe7 29. Qa7 b5 30. Kg3 Nf6 31. f3 Rd2 32. h5 Nxe4+ 0-1

[Event "Villa Ballester op 73rd"]
[Site "Buenos Aires"]
[Date "2024.01.20"]
[Round "3"]
[White "Fernandez Babasz, Santiago Ernesto"]
[Black "Botz, Stefan"]
[Result "1-0"]
[WhiteElo "1978"]
[BlackElo "1769"]
[PlyCount "85"]
[EventDate "2024.01.19"]
[EventType "swiss"]
[EventRounds "9"]
[EventCountry "ARG"]
[SourceTitle "CB06_2024"]
[SourceDate "2024.02.07"]
[SourceVersion "1"]
[SourceVersionDate "2024.02.07"]
[SourceQuality "1"]

1. d4 Nf6 2. c4 e6 3. Nf3 b6 4. a3 Be7 5. Nc3 d5 6. cxd5 exd5 7. e3 0-0 8. b4 Re8 9. Bb5 c6 10. Bd3 Bg4 11. 0-0 Bd6 12. Qc2 Qc7 13. h3 Bxf3 14. gxf3 Nbd7 15. e4 Bf4 16. Ne2 Bxc1 17. Rfxc1 dxe4 18. fxe4 Rac8 19. e5 Nd5 20. Ba6 Re6 21. Bxc8 Qxc8 22. Qe4 Qd8 23. Kh2 Qg5 24. f4 Qh4 25. Qf3 Rh6 26. Rg1 Nf8 27. Rac1 Ne7 28. f5 Kh8 29. Rg3 f6 30. Rcg1 g6 31. Rg4 Qh5 32. exf6 Nxf5 33. Qb3 Ne6 34. Nf4 Nxf4 35. Rxf4 Qe2+ 36. Rg2 Qe8 37. Rxf5 gxf5 38. f7 Qb8+ 39. Kh1 Rg6 40. Rxg6 hxg6 41. Qe6 Kh7 42. Qe8 Qg3 43. Qg8+ 1-0

[Event "Vicente Lopez ProAm 100 Years op"]
[Site "Buenos Aires"]
[Date "2022.10.16"]
[Round "7"]
[White "Botz, Stefan"]
[Black "Battan, Adrian"]
[Result "1-0"]
[WhiteElo "1666"]
[BlackElo "1947"]
[PlyCount "39"]
[EventDate "2022.10.11"]
[EventType "swiss"]
[EventRounds "9"]
[EventCountry "ARG"]
[SourceTitle "CBM 210 Extra"]
[Source "ChessBase"]
[SourceDate "2022.11.30"]
[SourceVersion "1"]
[SourceVersionDate "2022.11.30"]
[SourceQuality "1"]

1. e4 Nc6 2. d4 e5 3. Nf3 exd4 4. Bc4 d6 5. Nxd4 Nxd4 6. Qxd4 Nf6 7. 0-0 Be7 8. b3 0-0 9. Bb2 Be6 10. Nc3 c6 11. Rad1 Qa5 12. Rfe1 Bxc4 13. Qxc4 Qg5 14. Rd3 b5 15. Qxc6 b4 16. Nd5 Ng4 17. Rg3 Bd8 18. Qxa8 Bb6 19. Rxg4 Bxf2+ 20. Kxf2 1-0

[Event "Vicente Lopez ProAm 100 Years op"]
[Site "Buenos Aires"]
[Date "2022.10.14"]
[Round "4"]
[White "Botz, Stefan"]
[Black "Ortiz, Andres"]
[Result "0-1"]
[WhiteElo "1666"]
[BlackElo "1945"]
[PlyCount "92"]
[EventDate "2022.10.11"]
[EventType "swiss"]
[EventRounds "9"]
[EventCountry "ARG"]
[SourceTitle "CBM 210 Extra"]
[Source "ChessBase"]
[SourceDate "2022.11.30"]
[SourceVersion "1"]
[SourceVersionDate "2022.11.30"]
[SourceQuality "1"]

1. e4 c5 2. Nf3 e6 3. d4 cxd4 4. Nxd4 a6 5. Be2 Nf6 6. Qd3 Qc7 7. 0-0 Nc6 8. c4 Bc5 9. Nxc6 bxc6 10. Be3 Qb6 11. Bxc5 Qxc5 12. Nd2 0-0 13. Qg3 Qd4 14. Rad1 Qxb2 15. e5 Ne8 16. Bd3 f6 17. f4 d6 18. Rf3 Ra7 19. Qh4 g6 20. Rh3 Rg7 21. Nf3 Qb6+ 22. Kh1 Qc7 23. Be4 c5 24. Rb1 dxe5 25. fxe5 g5 26. Qg3 f5 27. Nxg5 fxe4 28. Rxh7 Rxg5 29. Rxc7 Rxg3 30. Rxc8 Rd3 31. h4 e3 32. Kh2 e2 33. Re1 Re3 34. Rb8 Rf1 35. Rbb1 Rf4 36. g3 Rxc4 37. Rb2 Rce4 38. Rb6 Rxe5 39. Rxa6 Nf6 40. Rb6 c4 41. Rc6 c3 42. Rc4 Kg7 43. Kg2 Ne4 44. g4 Nd2 45. Rc6 Nf3 46. Rxe2 Nxh4+ 0-1

[Event "Vicente Lopez ProAm 100 Years op"]
[Site "Buenos Aires"]
[Date "2022.10.11"]
[Round "1"]
[White "Silva, Lucas"]
[Black "Botz, Stefan"]
[Result "1-0"]
[WhiteElo "2211"]
[BlackElo "1666"]
[PlyCount "65"]
[EventDate "2022.10.11"]
[EventType "swiss"]
[EventRounds "9"]
[EventCountry "ARG"]
[SourceTitle "CBM 210 Extra"]
[Source "ChessBase"]
[SourceDate "2022.11.30"]
[SourceVersion "1"]
[SourceVersionDate "2022.11.30"]
[SourceQuality "1"]

1. d4 Nf6 2. c4 g6 3. Nc3 Bg7 4. e4 d6 5. Be2 0-0 6. Bg5 Nbd7 7. Qd2 e5 8. d5 a5 9. h4 Nc5 10. f3 Qd7 11. g4 Ne8 12. Nh3 c6 13. h5 f6 14. Be3 g5 15. Nf2 h6 16. 0-0 Nc7 17. Rfd1 Rd8 18. Nh1 N5a6 19. Na4 Qe8 20. Nb6 Rb8 21. Qxa5 c5 22. a3 Bf8 23. Ng3 Na8 24. Nxc8 Rdxc8 25. Nf5 N8c7 26. Qb6 Qd7 27. b4 Na8 28. Qb5 Qd8 29. Qa4 Nb6 30. Qb3 Ra8 31. Ra2 Qd7 32. bxc5 Na4 33. c6 1-0

[Event "San Antonio de Obligado op"]
[Site "San Antonio de Obligado"]
[Date "2022.10.10"]
[Round "5"]
[White "Botz, Stefan"]
[Black "Jimenez, Joaquin Rodrigo"]
[Result "0-1"]
[WhiteElo "1666"]
[BlackElo "2210"]
[PlyCount "106"]
[EventDate "2022.10.08"]
[EventType "swiss"]
[EventRounds "6"]
[EventCountry "ARG"]
[SourceTitle "CBM 210 Extra"]
[Source "ChessBase"]
[SourceDate "2022.11.30"]
[SourceVersion "1"]
[SourceVersionDate "2022.11.30"]
[SourceQuality "1"]

1. e4 e6 2. d4 d5 3. Nc3 Nf6 4. Bg5 dxe4 5. Nxe4 Be7 6. Nxf6+ gxf6 7. Be3 a6 8. g3 Bd7 9. Bg2 Bc6 10. d5 Bxd5 11. Bxd5 Qxd5 12. Qxd5 exd5 13. 0-0-0 c6 14. Ne2 Nd7 15. Nd4 0-0-0 16. Nf5 Bc5 17. Rhe1 Bxe3+ 18. Rxe3 Ne5 19. f4 Ng6 20. Rde1 Rd7 21. Nh6 Kd8 22. h4 d4 23. R3e2 Rf8 24. Ng4 d3 25. Rd2 Rd6 26. Rxd3 Rxd3 27. cxd3 f5 28. Nh6 Ne7 29. Re5 f6 30. Ra5 Kd7 31. Nxf5 b6 32. Nxe7 bxa5 33. Nf5 Rg8 34. Kd2 Ke6 35. Nd4+ Kd7 36. Nf5 c5 37. Ke3 a4 38. Kf3 Rb8 39. b3 axb3 40. axb3 Rxb3 41. Ke4 a5 42. Ne3 a4 43. Nc2 Rc3 44. Ne3 a3 45. Nd5 Rc1 46. Nxf6+ Ke6 47. Nxh7 a2 48. f5+ Kd6 49. f6 a1Q 50. f7 Qd4+ 51. Kf5 Rf1+ 52. Kg6 Qxd3+ 53. Kg7 Rxf7+ 0-1

[Event "San Antonio de Obligado op"]
[Site "San Antonio de Obligado"]
[Date "2022.10.09"]
[Round "3"]
[White "Botz, Stefan"]
[Black "Jimenez, Maria Jose"]
[Result "1-0"]
[WhiteElo "1666"]
[BlackElo "1495"]
[PlyCount "71"]
[EventDate "2022.10.08"]
[EventType "swiss"]
[EventRounds "6"]
[EventCountry "ARG"]
[SourceTitle "CBM 210 Extra"]
[Source "ChessBase"]
[SourceDate "2022.11.30"]
[SourceVersion "1"]
[SourceVersionDate "2022.11.30"]
[SourceQuality "1"]

1. e4 e5 2. Nf3 Nc6 3. d4 exd4 4. Bc4 Be7 5. c3 d3 6. Qxd3 d6 7. 0-0 Nf6 8. h3 0-0 9. a4 a6 10. Na3 Nd7 11. Bf4 Bf6 12. Rad1 Qe7 13. b4 Nde5 14. Nxe5 Nxe5 15. Bxe5 Qxe5 16. Nb1 Re8 17. Rde1 Be6 18. f4 Qh5 19. Nd2 Qh4 20. Kh2 Rad8 21. Bxe6 Rxe6 22. g4 g5 23. Nf3 Qh6 24. Qd2 Qg7 25. Nd4 Bxd4 26. cxd4 Rde8 27. Qd3 d5 28. e5 gxf4 29. Rxf4 Qg5 30. Rf5 Qg6 31. Ref1 f6 32. Qf3 fxe5 33. dxe5 c6 34. Qf4 Kh8 35. Rg5 Qc2+ 36. Rf2 1-0

[Event "San Antonio de Obligado op"]
[Site "San Antonio de Obligado"]
[Date "2022.10.08"]
[Round "1"]
[White "Botz, Stefan"]
[Black "Echenique, Jose Magno"]
[Result "1-0"]
[WhiteElo "1666"]
[BlackElo "1214"]
[PlyCount "45"]
[EventDate "2022.10.08"]
[EventType "swiss"]
[EventRounds "6"]
[EventCountry "ARG"]
[SourceTitle "CBM 210 Extra"]
[Source "ChessBase"]
[SourceDate "2022.11.30"]
[SourceVersion "1"]
[SourceVersionDate "2022.11.30"]
[SourceQuality "1"]

1. e4 c5 2. Nf3 Nc6 3. d4 d6 4. d5 Ne5 5. Bf4 Bg4 6. Nxe5 dxe5 7. Qxg4 Nf6 8. Bb5+ Nd7 9. Bxd7+ Qxd7 10. Qxd7+ Kxd7 11. Bxe5 f6 12. Bg3 g6 13. c4 Bh6 14. 0-0 Rhc8 15. Nc3 a6 16. f4 Bg7 17. a4 b6 18. a5 f5 19. e5 Rab8 20. axb6 Rxb6 21. Na4 Rb4 22. Bf2 Rxc4 23. Nb6+ 1-0